000 00322pam a2200145 a 4500
020 _c
040 _aGOAU_403206
041 _h
082 _a560
_bRAD
100 _aRaup, David M
245 _aPrinciples of Paleontology
_hPaper
260 _aDelhi
_bCBS Publishers
_c1985
700 _aStanley, Steven M
930 _a11079
999 _c87982
_d87982